Quiz sur les personnages de marque - Statistiques

Statistiques générales
  • Ce quiz a été pris 281 fois
  • Le résultat moyen est 9 sur 12
Statistiques - réponses
Par images Hint Réponse % Correct
connu celui la michelin
98%
cette horreur m&ms
87%
il en impose, ca c'est sur monsieur propre
87%
ignoble ce truc cetelem
86%
ce fruit ne m'inspire absolument rien oasis
86%
un beau bovin vache qui rit
79%
il a pas le couteau normalement mc donald
77%
ce chat avec un air sur deux airs feu vert
70%
pas évident canard wc
63%
stylé ce dog chocapic
63%
musclor malabar
57%
la classe vico
20%
Aucun quiz correspondant
Distribution des résultats
% des personnes avec chaque résultat
Percentile par nombre de réponses
Votre historique - résultats
Vous n’avez pas pris ce quiz